000 02097cam a2200397 4500
001 J123034
008 #DATE n1997 000 0 eng u
022 _a1367-3300
035 _a(Sirsi) u123034
041 _aeng
050 _a692.5
_c18
110 _aBuilding Cost Information Service
_91096
245 _aBCIS building cost index models
260 _aLondon
_bBCIS
_c1997-
490 _aBCIS Building Cost Index Models
490 _aBCIS Bulletin Service
490 _aBCIS Special Study
505 _aIntroduction : description of the building cost indices and models ; calculation of the models ; building cost indices models ; comparison with the previous index model ; analysis of labour/materials/plant components of "BCIS general building cost index" ; bibliography
505 _aTables : table 1 - contract anaylsed for rebased indices ; percentage weightings of labour indices at June 1976 levels ; weightings for BCIS cost indices ; labour/material/plant percentages for BCIS cost indices at June 1976 levels ; where to find BCIS cost indices
520 _aDescribes how new models were prepared for the BCIS building cost indices in 1993. This models were introduced in January 1994. Filed in "BCIS bulletin service".
520 _aThis item is part of a subscription service and cannot be photocopied. Neither can be any part of it be read out over the phone. Please contact BCIS direct on +44 (0)20 7695 1500 for details.
650 _aBCIS LABOUR COST INDEX
650 _aBCIS MATERIALS COST INDEX
650 _aBCIS PLANT COST INDEX
650 _aBCIS BRICK CONSTRUCTION COST INDEX
650 _aBCIS BUILDING COST INDICES
650 _aBCIS BUILDING COST MODELS
650 _aBCIS CONCRETE FRAMED CONSTRUCTION COST INDEX
650 _aBCIS GENERAL BUILDING COST INDEX
650 _aBCIS GENERAL BUILDING COST (EXCLUDING M AND E) INDEX
650 _aBCIS M AND E COST INDEX
650 _aBCIS STEEL FRAMED CONSTRUCTION COST INDEX
650 _aBUILT ENVIRONMENT-BUILDING COSTS
690 _aBUILT ENVIRONMENT-BUILDING COSTS
942 _n0
999 _c102981
_d102981